Meždunarodnyj kapital i Jugoslavija.
Už začiatok juhoslovanskej politickej a hospodárskej krízy znemožnil normálnu spoluprácu s ostatným svetom najmä v oblasti financií. Priaznivé podmienky z minulosti sa zmenili vplyvom politickej katasfrofy natoľko, že prisľúbené úvery od Medzinárodného menového fondu Juhoslávia nedostane. Minimálna...
Guardado en:
| Autor principal: | |
|---|---|
| Formato: | Capítulo de libro |
| Lenguaje: | ruso |
| Materias: | |
| Etiquetas: |
Sin Etiquetas, Sea el primero en etiquetar este registro!
|
MARC
| LEADER | 00000naa a2200000 4500 | ||
|---|---|---|---|
| 001 | r007939 | ||
| 005 | 20221125115117.2 | ||
| 041 | 0 | |a rus | |
| 044 | |a [YU] | ||
| 245 | 1 | 0 | |a Meždunarodnyj kapital i Jugoslavija. |c Ž. Trbojevic |
| 520 | |a Už začiatok juhoslovanskej politickej a hospodárskej krízy znemožnil normálnu spoluprácu s ostatným svetom najmä v oblasti financií. Priaznivé podmienky z minulosti sa zmenili vplyvom politickej katasfrofy natoľko, že prisľúbené úvery od Medzinárodného menového fondu Juhoslávia nedostane. Minimálna je spolupráca s krajinami bývalej RVHP. | ||
| 610 | 2 | 0 | |a kapitál zahraničný |
| 610 | 2 | 0 | |a SFRJ |
| 610 | 2 | 0 | |a kríza hospodárska |
| 610 | 2 | 0 | |a kríza politická |
| 610 | 2 | 0 | |a úver zahraničný |
| 610 | 2 | 0 | |a Medzinárodný menový fond |
| 610 | 2 | 0 | |a spolupráca hospodárska medzinárodná |
| 100 | 1 | |a Trbojevic, Ž. | |